Statistics for Most Common Irish Boys Names

Click here to take the quiz!

General Stats

  • This quiz has been taken 4,110 times
  • The average score is 42 of 100

Answer Stats

% Correct
John
87%
James
82%
Michael
77%
Patrick
76%
Sean
76%
Tom
74%
Tommy
74%
Jack
70%
Paul
69%
David
68%
Liam
68%
William
67%
Daniel
66%
Peter
66%
Matthew
64%
Harry
63%
Mark
63%
Bobby
60%
Luke
60%
Robert
60%
Conor
59%
Stephen
59%
Thomas
59%
Andrew
56%
Christopher
56%
Joseph
55%
Rian
54%
Ryan
54%
Ben
53%
Benjamin
53%
Brian
53%
Charlie
51%
Kevin
51%
Sam
51%
Samuel
51%
Adam
50%
Jacob
50%
Jake
50%
Jakub
50%
Alex
48%
Alexander
48%
Edward
48%
Oliver
46%
Josh
45%
Joshua
45%
Tomas
44%
Aaron
43%
Anthony
42%
Niall
41%
Martin
40%
Nathan
39%
Eoin
38%
Ethan
38%
Noah
38%
Ciaran
37%
Shane
36%
Aidan
34%
Alan
34%
Finn
34%
Jason
34%
Leo
34%
Rory
34%
Filip
33%
Lucas
33%
Zach
33%
Dylan
32%
Kyle
32%
Jamie
31%
Oisin
31%
Callum
30%
Calum
30%
Cian
30%
Evan
30%
Oscar
30%
Ronan
29%
Cillian
27%
Eoghan
26%
Darragh
25%
Fionn
25%
Max
25%
Cathal
22%
Leon
22%
Mason
22%
Tyler
22%
Cormac
21%
Dara
21%
Hugh
21%
Scott
21%
Jayden
19%
Killian
19%
Tadhg
17%
Alfie
16%
Ruairi
16%
Odhran
15%
Oran
15%
Rhys
15%
Sebastian
15%
Daithi
13%
Donnacha
11%
Senan
11%

Score Distribution

Percentile by Number Answered

Percent of People with Each Score

Your Score History

You have not taken this quiz